Công nghệ mới trồng hoa cho thu nhập cao Đặng Văn Đông, Đinh Thế Lộc Q.3: Hoa Lily.
Hướng dẫn kỹ thuật chọn giống, trồng, phòng trị bệnh, thu hoạch. Kỹ thuật xây dựng nhà kính trồng hoa li ly
Đã lưu trong:
| Tác giả chính: | |
|---|---|
| Định dạng: | Sách |
| Năm xuất bản: |
H.
Lao động - xã hội
2004
|
| Chủ đề: | |
| Tags: |
Thêm thẻ
Không có thẻ, Hãy là người đầu tiên gắn thẻ bản ghi này!
|
| LEADER | 02919nam a2200313 4500 | ||
|---|---|---|---|
| 999 | |c 6370 |d 6370 | ||
| 082 | |a 635.9 |b Đ115V | ||
| 100 | |a Đặng Văn Đông | ||
| 245 | |a Công nghệ mới trồng hoa cho thu nhập cao |b Đặng Văn Đông, Đinh Thế Lộc |n Q.3: |p Hoa Lily. | ||
| 260 | |a H. |b Lao động - xã hội |c 2004 | ||
| 300 | |a 101 tr. |c 19 cm | ||
| 520 | |a Hướng dẫn kỹ thuật chọn giống, trồng, phòng trị bệnh, thu hoạch. Kỹ thuật xây dựng nhà kính trồng hoa li ly | ||
| 653 | |a Cây hoa - Trồng | ||
| 942 | |2 ddc |c STK0 | ||
| 952 | |0 0 |1 0 |2 ddc |4 0 |6 635_900000000000000_Đ115V |7 0 |8 600 |9 59068 |a qbu |b qbu |c D3 |d 2015-01-16 |g 12000 |o 635.9 Đ115V |p 6122.c1 |r 0000-00-00 |w 2015-01-16 |y STK0 | ||
| 952 | |0 0 |1 0 |2 ddc |4 0 |6 635_900000000000000_Đ115V |7 0 |8 600 |9 59069 |a qbu |b qbu |c D3 |d 2015-01-16 |g 12000 |o 635.9 Đ115V |p 6122.c2 |r 0000-00-00 |w 2015-01-16 |y STK0 | ||
| 952 | |0 0 |1 0 |2 ddc |4 0 |6 635_900000000000000_Đ115V |7 0 |8 600 |9 59070 |a qbu |b qbu |c D3 |d 2015-01-16 |g 12000 |o 635.9 Đ115V |p 6122.c3 |r 0000-00-00 |w 2015-01-16 |y STK0 | ||
| 952 | |0 0 |1 0 |2 ddc |4 0 |6 635_900000000000000_Đ115V |7 0 |8 600 |9 59071 |a qbu |b qbu |c D3 |d 2015-01-16 |g 12000 |o 635.9 Đ115V |p 6122.c4 |r 0000-00-00 |w 2015-01-16 |y STK0 | ||
| 952 | |0 0 |1 0 |2 ddc |4 0 |6 635_900000000000000_Đ115V |7 0 |8 600 |9 59072 |a qbu |b qbu |c D3 |d 2015-01-16 |g 12000 |o 635.9 Đ115V |p 6122.c5 |r 0000-00-00 |w 2015-01-16 |y STK0 | ||
| 952 | |0 0 |1 0 |2 ddc |4 0 |6 635_900000000000000_Đ115V |7 0 |8 600 |9 59073 |a qbu |b qbu |c D3 |d 2015-01-16 |g 12000 |o 635.9 Đ115V |p 6122.c6 |r 0000-00-00 |w 2015-01-16 |y STK0 | ||
| 952 | |0 0 |1 0 |2 ddc |4 0 |6 635_900000000000000_Đ115V |7 0 |8 600 |9 59074 |a qbu |b qbu |c D3 |d 2015-01-16 |g 12000 |o 635.9 Đ115V |p 6122.c7 |r 0000-00-00 |w 2015-01-16 |y STK0 | ||
| 952 | |0 0 |1 0 |2 ddc |4 0 |6 635_900000000000000_Đ115V |7 0 |8 600 |9 59075 |a qbu |b qbu |c D3 |d 2015-01-16 |g 12000 |o 635.9 Đ115V |p 6122.c8 |r 0000-00-00 |w 2015-01-16 |y STK0 | ||
| 952 | |0 0 |1 0 |2 ddc |4 0 |6 635_900000000000000_Đ115V |7 0 |8 600 |9 59076 |a qbu |b qbu |c D3 |d 2015-01-16 |g 12000 |o 635.9 Đ115V |p 6122.c9 |r 0000-00-00 |w 2015-01-16 |y STK0 | ||
| 952 | |0 0 |1 0 |2 ddc |4 0 |6 635_900000000000000_Đ115V |7 0 |8 600 |9 59077 |a qbu |b qbu |c D3 |d 2015-01-16 |g 12000 |o 635.9 Đ115V |p 6122.c10 |r 0000-00-00 |w 2015-01-16 |y STK0 | ||
| 952 | |0 0 |1 0 |2 ddc |4 0 |6 635_900000000000000_Đ115V |7 0 |8 600 |9 59078 |a qbu |b qbu |c D3 |d 2015-01-16 |g 12000 |o 635.9 Đ115V |p 6122.c11 |r 0000-00-00 |w 2015-01-16 |y STK0 | ||
| 952 | |0 0 |1 0 |2 ddc |4 0 |6 635_900000000000000_Đ115V |7 0 |8 600 |9 59079 |a qbu |b qbu |c D3 |d 2015-01-16 |g 12000 |o 635.9 Đ115V |p 6122.c12 |r 0000-00-00 |w 2015-01-16 |y STK0 | ||
| 952 | |0 0 |1 0 |2 ddc |4 0 |6 635_900000000000000_Đ115V |7 0 |8 600 |9 59080 |a qbu |b qbu |c D3 |d 2015-01-16 |g 12000 |o 635.9 Đ115V |p 6122.c13 |r 0000-00-00 |w 2015-01-16 |y STK0 | ||
| 952 | |0 0 |1 0 |2 ddc |4 0 |6 635_900000000000000_Đ115V |7 0 |8 600 |9 59081 |a qbu |b qbu |c D3 |d 2015-01-16 |g 12000 |o 635.9 Đ115V |p 6122.c14 |r 0000-00-00 |w 2015-01-16 |y STK0 | ||
| 952 | |0 0 |1 0 |2 ddc |4 0 |6 635_900000000000000_Đ115V |7 0 |8 600 |9 59082 |a qbu |b qbu |c D3 |d 2015-01-16 |g 12000 |o 635.9 Đ115V |p 6122.c15 |r 0000-00-00 |w 2015-01-16 |y STK0 | ||